Complete the Card - WWE WrestleMania XXVII - Statistics

General Stats
  • This quiz has been taken 787 times
  • The average score is 19 of 26
Answer Stats
Answer % Correct
John Cena
99%
The Miz
95%
The Undertaker
95%
Triple H
94%
Edge
92%
Alberto Del Rio
89%
Randy Orton
89%
CM Punk
87%
The Big Show
84%
Kane
83%
Rey Mysterio
74%
Dolph Ziggler
71%
John Morrison
70%
Cody Rhodes
68%
Jerry Lawler
67%
Wade Barrett
67%
Heath Slater
64%
Kofi Kingston
64%
Michael Cole
64%
Justin Gabriel
62%
Santino Marella
57%
Ezekiel Jackson
55%
Snooki
54%
Trish Stratus
54%
Michelle McCool
53%
Layla
52%
No matching quizzes found
Score Distribution
Percent of People with Each Score
Percentile by Number Answered
Your Score History
You have not taken this quiz